Materiály vymeniteľných rezných doštičiek, rozdelenie, použitie, vlastnosti : Bakalárska práca

Na minha lista:
Detalhes bibliográficos
Autor principal: Omámik, Michal, 1983- (Author)
Outros Autores: Charbula, Jozef, 1952- (xxx)
Formato: Manuscrito Livro
Idioma:eslovaco
Publicado em: Trnava : STU v Bratislave MtF KOM, 2006
Assuntos:
Tags: Adicionar Tag
Sem tags, seja o primeiro a adicionar uma tag!

MARC

LEADER 00000ntm a22000003a 4500
001 stu129556
005 20150617225930.7
008 061114s2006----xo------------------slo-d
040 |a STU  |b slo 
041 0 |a slo 
044 |a xo 
100 1 |a Omámik, Michal,  |d 1983-  |4 aut  |u M140  |T MTF Katedra zvárania  |X 33376  |U M140  |Y M140  |7 A000033376 
245 1 |a Materiály vymeniteľných rezných doštičiek, rozdelenie, použitie, vlastnosti :  |b Bakalárska práca 
260 |a Trnava :  |b STU v Bratislave MtF KOM,  |c 2006 
300 |a 75 s  |c príl (1 CD-ROM) 
650 7 |a technológie strojárskej výroby  |2 stusub 
650 7 |a obrábanie  |2 stusub 
650 7 |a spekané karbidy  |2 stusub 
700 1 |a Charbula, Jozef,  |d 1952-  |4 xxx  |u M3000  |U MTF Materiálovotechnologická fakulta  |T MTF Ústav výrobných technológií  |X 213  |U M3000  |Y 83  |7 A000000213 
996 |b 284M074805  |c M*BP-2038  |l MMSKP  |s P  |a 0  |w stu129556_0001